000 00794nam a22001817a 4500
003 OSt
005 20260414133507.0
008 260414b |||||||| |||| 00| 0 eng d
040 _c0
082 _aDPer 796.07 St822 September-December 2015 v.28 n.5-6 January-October 2016 v.29 n.1-5
100 _aMartinez-Alba, Gilda.
_eauthor.
_970569
245 _aReading and Writing for Preservice Teachers :
_bMaking Meaning Connection /
_cGilda Martinez-Alba.
260 _aAnnapolis Junction, Maryland :
_b SHAPE America (Society of Health and Physical Educators) ;
_cNovember/December 2015.
300 _avolume 28, pages 28-33 :
_billustration ;
_c27cm.
500 _aStrategy, vol. 28, no.2, pages 28-33, November/December 2015.
700 _aMartinez-Alba, Gilda.
_eauthor.
_970569
942 _2ddc
_cPER
999 _c24595
_d24595